| Tag |
First Indicator |
Second Indicator |
Subfields |
| LEADER |
00000cam a2200000 a 4500 |
| 001 |
in00000388321 |
| 005 |
20151011095726.0 |
| 008 |
820703s1982 enk 00011 eng d |
| 020 |
|
|
|a 0241107040
|
| 035 |
|
|
|a (OCoLC)08574154
|
| 035 |
|
|
|9 ABR2306AM
|
| 040 |
|
|
|a NOC
|c NOC
|d TXA
|d UtOrBLW
|
| 049 |
|
|
|a TXAM
|c [1810169]
|
| 090 |
|
|
|a PR6051.C64
|b G7 1982
|
| 100 |
1 |
|
|a Ackroyd, Peter,
|d 1949-
|
| 245 |
1 |
4 |
|a The great fire of London :
|b a novel /
|c by Peter Ackroyd.
|
| 264 |
|
1 |
|a London :
|b Hamish Hamilton,
|c 1982.
|
| 300 |
|
|
|a 169 pages ;
|c 23 cm.
|
| 336 |
|
|
|a text
|b txt
|2 rdacontent
|
| 337 |
|
|
|a unmediated
|b n
|2 rdamedia
|
| 338 |
|
|
|a volume
|b nc
|2 rdacarrier
|
| 999 |
|
|
|a MARS
|
| 999 |
f |
f |
|s 5b9eb28a-82e0-3a70-a6dc-058c6e499820
|i abc27ea3-fa93-382c-a907-bc0a938d6c67
|t 0
|
| 952 |
f |
f |
|p normal
|a Texas A&M University
|b College Station
|c Sterling C. Evans Library
|d Evans: Library Stacks
|t 0
|e PR6051.C64 G7 1982
|h Library of Congress classification
|i unmediated -- volume
|m A14807575493
|
| 998 |
f |
f |
|a PR6051.C64 G7 1982
|t 0
|l Evans: Library Stacks
|